000 00693nam a2200181Ia 4500
008 100920s9999 xx 000 0 und d
082 _b63333
_a61 थ 83
100 _a---
245 _aगुरूदेव रवींद्रनाथ टागोर.
260 _bराष्ट्रीय चरित्रमाला, पुणे.
_c1983
300 _a56
_bसाधी
365 _b5
520 _aस्थानिक वाचन.
630 _aगुरूदेव रवींद्रनाथ टागोर.
650 _aस्थानिक वाचन.
730 _aगुरूदेव रवींद्रनाथ टागोर.
942 _cBOOK
999 _c706413
_d706410